| 000 | 00812nam a2200229 a 4500 | ||
|---|---|---|---|
| 001 | 000026481 | ||
| 005 | 20240510073819.0 | ||
| 008 | 110321s2011 dr a 000 0 spa d | ||
| 020 | _a9789945163896 | ||
| 040 |
_aDO-SdBNP _bspa _cBNPHU |
||
| 082 |
_a248.8 _bC764p |
||
| 100 | 1 |
_aContreras H., Reinaldo _953549 |
|
| 245 | 1 | 3 |
_aEl padre perdonador : _bla parábola del hijo pródijo / _cReinaldo Contreras H. ; prólogo Pastor Alexis Báez. |
| 260 |
_aSanto Domingo : _bBúho, _c2011. |
||
| 300 |
_a148 p. : _bil. ; _c23 cm. |
||
| 500 | _aIncluye datos biográficos del autor en la solapa de la cubierta. | ||
| 590 | _aInventariado, 2018/ YL | ||
| 650 | 4 |
_aEvangelización _9476 |
|
| 650 | 0 |
_aVida cristiana _9668 |
|
| 700 | 1 |
_aBáez, Pastor Alexis, _epról. _953550 |
|
| 910 | _aValidado. Control de calidad EMS. | ||
| 999 |
_c25973 _d25973 |
||